[Event "Hvar op U15"]
[Site "Hvar"]
[Date "2017.10.01"]
[Round "5"]
[White "Baric, Marko"]
[Black "Delic, Juraj"]
[Result "1-0"]
[WhiteElo "1586"]
[BlackElo "1533"]
[PlyCount "77"]
[EventDate "2017.09.29"]
[EventType "swiss"]
[EventRounds "5"]
[EventCountry "CRO"]
[SourceTitle "EXT 2019"]
[Source "ChessBase"]
[SourceDate "2018.10.10"]
[SourceVersion "1"]
[SourceVersionDate "2018.10.10"]
[SourceQuality "1"]

1. e4 e6 2. d4 d5 3. exd5 exd5 4. Bf4 Nf6 5. Nf3 Bf5 6. Bd3 Bg6 7. 0-0 Be7 8. Re1 0-0 9. c3 Nbd7 10. Bxc7 Qxc7 11. Rxe7 Bxd3 12. Qxd3 Ne4 13. Ne5 Nxe5 14. Rxe5 Nf6 15. f3 Rfe8 16. Rxe8+ Rxe8 17. Nd2 Re6 18. Nf1 Qe7 19. Ng3 Re3 20. Qd2 Re6 21. Kf1 Kf8 22. Re1 Rxe1+ 23. Qxe1 g6 24. Qxe7+ Kxe7 25. Kf2 Ke6 26. Ne2 g5 27. Nc1 Nh5 28. g3 f5 29. Nd3 b6 30. Ne5 Nf6 31. h3 h5 32. g4 hxg4 33. hxg4 f4 34. Ke2 Nd7 35. Nxd7 Kxd7 36. Kd3 Kd6 37. c4 a6 38. cxd5 Kxd5 39. a3 1-0

[Event "Hvar op U15"]
[Site "Hvar"]
[Date "2017.09.30"]
[Round "4"]
[White "Delic, Juraj"]
[Black "Jankovic, Antonio"]
[Result "1-0"]
[WhiteElo "1533"]
[BlackElo "1630"]
[PlyCount "117"]
[EventDate "2017.09.29"]
[EventType "swiss"]
[EventRounds "5"]
[EventCountry "CRO"]
[SourceTitle "EXT 2019"]
[Source "ChessBase"]
[SourceDate "2018.10.10"]
[SourceVersion "1"]
[SourceVersionDate "2018.10.10"]
[SourceQuality "1"]

1. d4 Nf6 2. Bf4 g6 3. Nf3 Bg7 4. e3 d6 5. Be2 c5 6. c3 Qb6 7. Qb3 Nbd7 8. Nbd2 0-0 9. 0-0 a6 10. Bc4 Qc6 11. Qc2 Nb6 12. Be2 Bf5 13. Bd3 Bxd3 14. Qxd3 Nfd5 15. Bg3 e6 16. dxc5 dxc5 17. Ne5 Qa4 18. b3 Qa5 19. e4 Nf6 20. Qc2 Nh5 21. Ndf3 Nxg3 22. hxg3 f6 23. Nd3 e5 24. c4 Nd7 25. Rfd1 Qc7 26. Qd2 Rfd8 27. Qe3 b6 28. Rd2 Nf8 29. Rad1 Ne6 30. Nb2 Nd4 31. Nxd4 exd4 32. Qf3 Qe5 33. Nd3 Qe7 34. Nf4 Re8 35. Nd5 Qd6 36. Rd3 b5 37. cxb5 axb5 38. Nc3 Qc6 39. Nd5 Rxa2 40. b4 c4 41. Rxd4 f5 42. e5 Qc8 43. Nf6+ Bxf6 44. exf6 Rae2 45. Qd5+ Kf8 46. Qxb5 Re1+ 47. Kh2 Rxd1 48. Rxd1 c3 49. Rc1 c2 50. Qc5+ Kf7 51. Rxc2 Qe6 52. Qc7+ Kxf6 53. Rc6 Re7 54. Rxe6+ Kxe6 55. Qc6+ Ke5 56. b5 Re6 57. Qc7+ Kd5 58. Qxh7 Ke5 59. Qg7+ 1-0

[Event "CRO-ch U15"]
[Site "Trogir"]
[Date "2017.06.20"]
[Round "6"]
[White "Drempetic, Mario"]
[Black "Delic, Juraj"]
[Result "1/2-1/2"]
[WhiteElo "1687"]
[BlackElo "1356"]
[PlyCount "52"]
[EventDate "2017.06.17"]
[EventType "swiss"]
[EventRounds "9"]
[EventCountry "CRO"]
[SourceTitle "CBM 179 Extra"]
[Source "ChessBase"]
[SourceDate "2017.08.23"]
[SourceVersion "1"]
[SourceVersionDate "2017.08.23"]
[SourceQuality "1"]

1. d4 d5 2. c4 e6 3. Nc3 Nf6 4. Bg5 Be7 5. e3 0-0 6. Nf3 Nbd7 7. c5 c6 8. Bd3 b6 9. b4 bxc5 10. bxc5 Qa5 11. Qd2 Ba6 12. 0-0 Bxd3 13. Qxd3 h6 14. Bh4 Rab8 15. Rfb1 Rxb1+ 16. Rxb1 Rb8 17. Rxb8+ Nxb8 18. h3 g5 19. Bg3 Nbd7 20. Ne5 Nxe5 21. Bxe5 Nd7 22. Bg3 Bf6 23. Qc2 Nxc5 24. Nxd5 exd5 25. Qxc5 Qxc5 26. dxc5 Be7 1/2-1/2

[Event "CRO-ch U13"]
[Site "Trogir"]
[Date "2016.06.22"]
[Round "4"]
[White "Lesic, Krunoslav1111"]
[Black "Delic, Juraj"]
[Result "1-0"]
[WhiteElo "1450"]
[BlackElo "1279"]
[PlyCount "51"]
[EventDate "2016.06.21"]
[EventType "swiss"]
[EventRounds "9"]
[EventCountry "CRO"]
[SourceTitle "EXT 2017"]
[Source "ChessBase"]
[SourceDate "2016.10.25"]
[SourceVersion "1"]
[SourceVersionDate "2016.10.25"]
[SourceQuality "1"]

1. e4 c5 2. Nf3 d6 3. Bc4 e6 4. Nc3 Be7 5. d3 Nf6 6. 0-0 Nc6 7. Ne2 0-0 8. Ng3 Bd7 9. c3 Rc8 10. h3 a6 11. Bb3 d5 12. exd5 exd5 13. Bf4 Na5 14. Bc2 c4 15. d4 Nc6 16. Re1 b5 17. a3 h6 18. Qd2 Re8 19. Bxh6 gxh6 20. Qxh6 Bf8 21. Qg5+ Bg7 22. Rxe8+ Bxe8 23. Nf5 Nh5 24. Qxh5 f6 25. Qg4 Qc7 26. Re1 1-0